LEADER 04277oam 2200661I 450 001 9910461253603321 005 20210830195212.0 010 $a0-429-90588-2 010 $a0-429-48111-X 010 $a1-283-12605-2 010 $a9786613126054 010 $a1-84940-438-0 024 7 $a10.4324/9780429481116 035 $a(CKB)2670000000093740 035 $a(EBL)712230 035 $a(OCoLC)729166942 035 $a(SSID)ssj0000520978 035 $a(PQKBManifestationID)12222337 035 $a(PQKBTitleCode)TC0000520978 035 $a(PQKBWorkID)10517256 035 $a(PQKB)11358489 035 $a(MiAaPQ)EBC712230 035 $a(Au-PeEL)EBL712230 035 $a(CaPaEBR)ebr10477610 035 $a(CaONFJC)MIL312605 035 $a(OCoLC)730500580 035 $a(EXLCZ)992670000000093740 100 $a20180706h20182004 uy 0 101 0 $aeng 135 $aur|n|---||||| 181 $ctxt 182 $cc 183 $acr 200 14$aThe art of counselling and psychotherapy /$fby Rainer Matthias Holm-Hadulla 205 $aFirst edition. 210 1$aBoca Raton, FL :$cRoutledge, an imprint of Taylor and Francis,$d[2018]. 210 4$d©2004 215 $a1 online resource (185 p.) 300 $a"This revised and expanded English edition is based on the earlier edition in German published by Verlag Vandenhoek & Ruprecht Die Rsychotherapeutische Kunst in 1997."--t.p. verso. 311 $a0-367-32749-X 311 $a1-85575-946-2 320 $aIncludes bibliographical references (p. 167-171). 327 $aCOVER; ABOUT THE AUTHOR; FOREWORD; CHAPTER ONE: Introduction and overview; CHAPTER TWO: Creativity; CHAPTER THREE: Three examples of counselling and psychotherapy; CHAPTER FOUR: Hermeneutics: the art of creative understanding and life management; CHAPTER FIVE: Aesthetic experience and shaping of reality; CHAPTER SIX: Creative principles of psychotherapy; CHAPTER SEVEN: Creative principles of counselling and coaching; CHAPTER EIGHT: The creative aspect of brief dynamic psychotherapy; CHAPTER NINE: The creative aspect of psychoanalysis 327 $aCHAPTER TEN: Indications and counter-indications for the creative attitudeCHAPTER ELEVEN: Professional and "ordinary" relationships; CHAPTER TWELVE: Ethical implications; CHAPTER THIRTEEN: Artistic shaping and resolution of psychic conflicts; CHAPTER FOURTEEN: Summary; REFERENCES 330 3 $aCounselling and psychotherapy are effective to the extent that they promote the creativity of clients and patients. Creativity is both a lifestyle and a health resource. A creative lifestyle implies learning to be the authors of our own lives and a creative approach to our inner lives and our social environment gives us coherence and authenticity.This book derives creative principles for counselling and psychotherapy from practical modern approaches in these fields, as well as from psychoanalysis, hermeneutics, and new concepts of creativity itself. The creative attitude central to this represents an integrative basis for the differential application of various counselling and treatment techniques. Creative counselling serves to assist in coping with distress and clearly defined conflicts, and encourages personal and professional development.Creative psychotherapy is an aspect of dynamic, analytic and integrative psychotherapy. The hermeneutic principles - memory, narrative shaping, interactional experience - are activated with a view to ridding patients of psychopathological symptoms. In the modern world with all its challenges, creative counselling and psychotherapy are of outstanding importance. The Art of Counselling and Psychotherapy outlines a readily understandable, vital, and creative approach to the practice of counselling and psychotherapy in the service of the development of personal and social creativity. 606 $aCounseling 606 $aPsychotherapy 608 $aElectronic books. 615 0$aCounseling. 615 0$aPsychotherapy. 676 $a158/.3 700 $aHolm-Hadulla$b Rainer Matthias$f1951-$0852095 801 0$bFlBoTFG 801 1$bFlBoTFG 906 $aBOOK 912 $a9910461253603321 996 $aThe art of counselling and psychotherapy$91902751 997 $aUNINA LEADER 01969nam 2200433z- 450 001 9910476899503321 005 20210528 010 $a1000085512 035 $a(CKB)5470000000567028 035 $a(oapen)https://directory.doabooks.org/handle/20.500.12854/70087 035 $a(oapen)doab70087 035 $a(EXLCZ)995470000000567028 100 $a20202105d2021 |y 0 101 0 $ager 135 $aurmn|---annan 181 $ctxt$2rdacontent 182 $cc$2rdamedia 183 $acr$2rdacarrier 200 00$aUntersuchung und Modellierung des Haltezeiteinflusses auf die zyklische Entfestigung ferritisch-martensitischer Sta?hle 210 $aKarlsruhe$cKIT Scientific Publishing$d2021 215 $a1 online resource (224 p.) 225 1 $aSchriftenreihe des Instituts für Angewandte Materialien, Karlsruher Institut für Technologie 311 08$a3-7315-0837-0 330 $aFerritic-martensitic steels are established structural materials for high-temperature applications. However, these steels show characteristic softening under cyclic loading. Based on a comprehensive mechanical characterization, a coupled viscoplastic model was established to describe cyclic softening and lifetime of ferritic-martensitic steels under combined creep-fatigue loading. 606 $aMechanical engineering & materials$2bicssc 610 $acreep fatigue interaction 610 $acyclic softening 610 $aferritic-martensitic steel 610 $aFerritisch-martensitische Sta?hle 610 $aKriechermu?dung 610 $aviscoplastic modeling 610 $aviskoplastische Modellierung 610 $azyklische Entfestigung 615 7$aMechanical engineering & materials 700 $aFührer$b Ulrich$4auth$01296190 906 $aBOOK 912 $a9910476899503321 996 $aUntersuchung und Modellierung des Haltezeiteinflusses auf die zyklische Entfestigung ferritisch-martensitischer Stähle$93023877 997 $aUNINA LEADER 01243oas 2200469 c 450 001 9910269354803321 005 20251105213014.0 011 $a2406-9760 035 $a(OCoLC)1050969417 035 $a(CONSER) 2020254451 035 $a(CKB)4100000003786537 035 $a(EXLCZ)994100000003786537 100 $a20180811a20149999 uy 101 0 $aeng 135 $aur||||||||||| 181 $ctxt$2rdacontent 182 $cc$2rdamedia 183 $acr$2rdacarrier 200 00$aInternational journal of creative and arts studies 210 1$a[Yogyakarta, Indonesia]$cInstitut Seni Indonesia Yogyakarta$d2014- 215 $a1 online resource 300 $aRefereed/Peer-reviewed 311 08$a2339-191X 517 1 $aIJCAS 606 $aArts$vPeriodicals 606 $aArts$2fast$3(OCoLC)fst00817721 608 $aPeriodicals.$2fast 615 0$aArts 615 7$aArts. 712 02$aInstitut Seni Indonesia Yogyakarta, 801 0$bVT2 801 1$bVT2 801 2$bOCLCF 801 2$bWYU 801 2$bVVJ 801 2$bCUS 801 2$bOCL 801 2$bOCLCQ 906 $aJOURNAL 912 $a9910269354803321 996 $aInternational journal of creative and arts studies$92575943 997 $aUNINA